| 000 | 00545nam a22001937a 4500 | ||
|---|---|---|---|
| 005 | 20251027123313.0 | ||
| 008 | 251027b |||||||| |||| 00| 0 eng d | ||
| 040 | _aMAIN | ||
| 082 |
_a658.872 _bM748R |
||
| 100 | _aMonika | ||
| 245 | _aRole of digital marketing in customer engagement and business development | ||
| 260 |
_bDepartment of Management, M D University, Rohtak _c2024 |
||
| 300 | _a206 | ||
| 650 | _aManagement | ||
| 650 | _aDigital Marketing | ||
| 650 | _aCustomer-Business Development | ||
| 700 | _aKavita | ||
| 942 | _cTH | ||
| 999 |
_c393722 _d393722 |
||